The Memoirs of Aga Khan : (Record no. 186966)
[ view plain ]
| 000 -LEADER | |
|---|---|
| fixed length control field | 00869 a2200169 4500 |
| 003 - CONTROL NUMBER IDENTIFIER | |
| control field | Nust |
| 005 - DATE AND TIME OF LATEST TRANSACTION | |
| control field | 20230403111531.0 |
| 040 ## - CATALOGING SOURCE | |
| Transcribing agency | Nust |
| 082 ## - DEWEY DECIMAL CLASSIFICATION NUMBER | |
| Classification number | 923.254,THE |
| 100 ## - MAIN ENTRY--PERSONAL NAME | |
| Personal name | Maguham, W. Somerset |
| 9 (RLIN) | 111676 |
| 245 ## - TITLE STATEMENT | |
| Title | The Memoirs of Aga Khan : |
| Remainder of title | world enough and time / |
| Statement of responsibility, etc. | W. Somerset Maguham |
| 260 ## - PUBLICATION, DISTRIBUTION, ETC. | |
| Place of publication, distribution, etc. | London |
| Name of publisher, distributor, etc. | Cassell and company |
| Date of publication, distribution, etc. | 1954 |
| 300 ## - PHYSICAL DESCRIPTION | |
| Extent | 350 |
| 505 ## - FORMATTED CONTENTS NOTE | |
| Formatted contents note | Childhood and Youth (Page-1), My First European Tour (Page-7), Early Visit to the Middle East (Page-30), Nine Crowded (Page-57), London (Page-69), The First World War (Page-117), Post War (Page-130),The Islamic Concepts (Page-145), My Career on the Truf (Page-169),Towards (Page-192), My Work for the League (Page-206), The War Year (Page-235), Friends Old (Page-271), My Recent Travels (Page-307), Looking Back (Page-316). |
| 650 ## - SUBJECT ADDED ENTRY--TOPICAL TERM | |
| Topical term or geographic name entry element | The memoirs of agha khan |
| 9 (RLIN) | 111677 |
| 942 ## - ADDED ENTRY ELEMENTS (KOHA) | |
| Source of classification or shelving scheme | |
| Koha item type | Book |
| Withdrawn status | Lost status | Source of classification or shelving scheme | Damaged status | Not for loan | Permanent Location | Current Location | Shelving location | Date acquired | Full call number | Barcode | Date last seen | Price effective from | Koha item type | Public note |
|---|---|---|---|---|---|---|---|---|---|---|---|---|---|---|
| Military College of Signals (MCS) | Military College of Signals (MCS) | General Stacks | 12/12/2016 | 923.254,THE | MCS29165 | 12/08/2016 | 12/12/2016 | Book | Almirah No.75, Shelf No.5 |
